00584nam a2200217Ia 4500003000400000005001700004008004100021040000700062041000800069082001600077100002300093110004100116245006100157260004300218300001200261365001200273563000700285650001800292700002100310710003500331OSt20250207140932.0210707s1978 xx 000 0 und d cAL ahin aH491.5 MISH aMISHRA (Bagirath)  bमिश्रा (भगीरथ) aHindi bashadarsh:bहिंदी भषादर्श aIlahabadbLokabharathi Prakashanc1978 ax,360 p b25cINR aPB aHindi Grammar dKAPOOR (Shubkar) bकपूर (शुभकर)